Terminológia základné zásady, metódy a ich aplikácia

Enregistré dans:
Détails bibliographiques
Auteur principal: Jurčacková, Zora
Format: Livre
Langue:slovaque
Publié: Bratislava Centrum vedecko-technických informácií SR 2002
Sujets:
Tags: Ajouter un tag
Pas de tags, Soyez le premier à ajouter un tag!

MARC

LEADER 00000nam a2200000 4500
001 c140441
005 20221124094846.9
020 |a 80-85165-85-6 
041 0 |a slo 
044 |a SK 
245 1 0 |a Terminológia  |b základné zásady, metódy a ich aplikácia 
264 1 |a Bratislava  |b Centrum vedecko-technických informácií SR  |c 2002 
300 |a 72 s. 
610 2 0 |a knihoveda 
610 2 0 |a knihovníctvo 
610 2 0 |a terminológia 
610 2 0 |a dokumenty 
610 2 0 |a informácie 
100 1 |a Jurčacková, Zora